| 000 | 00897nam a22002297a 4500 | ||
|---|---|---|---|
| 999 |
_c196503 _d196503 |
||
| 005 | 20230718144325.0 | ||
| 010 | _aB-754755-769 CHEN 25.5.23 | ||
| 020 |
_a9788181536570 (v.2) _c250.00 |
||
| 035 | _aB-754755-769 | ||
| 037 | _bRainbow Books | ||
| 082 | _a503 | ||
| 245 |
_aRainbow science encyclopedia / _cCompiled & edited by Aakanksha & Anand |
||
| 250 | _aFully Revised And Update | ||
| 260 |
_aNew Delhi _bRainbow Books _c2019 |
||
| 270 |
_aF-32, Street No.12, Parwana Road, Jagat Puri, _bNew Delhi _e110051 |
||
| 300 |
_a104p. _c25cm(Hb) _bcol.ill |
||
| 490 | _a1-4(series) | ||
| 700 | _aAakanksha | ||
| 700 | _aAnand | ||
| 942 |
_2ddc _cCH _mRAI _h503 |
||